[Event "Titled Tuesday intern op 09th May Early"]
[Site "Chess.com INT"]
[Date "2023.05.09"]
[Round "4"]
[White "Yelisieiev, Yevhenii"]
[Black "Bashkansky, Ethan"]
[Result "1-0"]
[WhiteElo "2418"]
[BlackElo "2101"]
[PlyCount "155"]
[EventDate "2023.05.09"]
[EventType "swiss (blitz)"]
[EventRounds "11"]
[EventCountry "USA"]
[SourceTitle "CBM 214 Extra"]
[Source "ChessBase"]
[SourceDate "2023.07.31"]
[SourceVersion "1"]
[SourceVersionDate "2023.07.31"]
[SourceQuality "1"]

1. d4 f5 2. e4 fxe4 3. Nc3 Nf6 4. Bg5 c6 5. Bxf6 exf6 6. Nxe4 d5 7. Ng3 Bd6 8. Bd3 0-0 9. N1e2 Bg4 10. Qd2 Nd7 11. 0-0-0 a5 12. Rde1 a4 13. Nf4 Qc7 14. Nge2 Rfe8 15. f3 Be6 16. Nxe6 Rxe6 17. Kb1 Rae8 18. g3 b5 19. Nc1 Qd8 20. Bf5 Rxe1 21. Rxe1 Nf8 22. Nd3 Rxe1+ 23. Qxe1 Kf7 24. a3 Qe7 25. Qa5 g6 26. Bc8 Ne6 27. Bxe6+ Kxe6 28. Qb6 Qc7 29. Qa6 Kd7 30. Ka2 Qc8 31. Qb6 Qc7 32. Qa6 Qc8 33. Qa7+ Qc7 34. Nc5+ Bxc5 35. Qxc5 Qd6 36. Qb6 Qc7 37. Qa6 Qc8 38. Qa7+ Qc7 39. Qa8 Qc8 40. Qxc8+ Kxc8 41. b3 axb3+ 42. cxb3 Kc7 43. a4 bxa4 44. bxa4 Kb6 45. Ka3 c5 46. dxc5+ Kxc5 47. Kb3 d4 48. f4 f5 49. Kc2 Kb4 50. Kd3 Kxa4 51. Kxd4 Kb3 52. Ke5 Kc3 53. Kf6 Kd4 54. Kg7 Ke4 55. Kxh7 Kf3 56. Kxg6 Kg4 57. Kf6 Kh5 58. Kxf5 Kh6 59. g4 Kg7 60. g5 Kh7 61. Kf6 Kg8 62. Kg6 Kh8 63. Kh6 Kg8 64. f5 Kh8 65. g6 Kg8 66. g7 Kf7 67. Kh7 Kf6 68. g8Q Ke5 69. Qg6 Kf4 70. f6 Ke5 71. f7 Kd4 72. f8Q Ke3 73. Qg3+ Kd4 74. Qff4+ Kc5 75. Qgg5+ Kb6 76. Qff6+ Kc7 77. Qgg7+ Kc8 78. Qff8# 1-0

[Event "Titled Tuesday intern op 02nd May Late"]
[Site "Chess.com INT"]
[Date "2023.05.02"]
[Round "3"]
[White "Ashraf, Artin"]
[Black "Bashkansky, Ethan"]
[Result "1-0"]
[WhiteElo "2314"]
[BlackElo "2101"]
[PlyCount "75"]
[EventDate "2023.05.02"]
[EventType "swiss (blitz)"]
[EventRounds "11"]
[EventCountry "USA"]
[SourceTitle "EXT 2024"]
[Source "ChessBase"]
[SourceDate "2023.10.10"]
[SourceVersion "1"]
[SourceVersionDate "2023.10.10"]
[SourceQuality "1"]

1. g3 f5 2. Bg2 Nf6 3. Nf3 g6 4. 0-0 Bg7 5. d3 0-0 6. e4 d6 7. e5 Ng4 8. exd6 exd6 9. Re1 Nc6 10. d4 Kh8 11. Bg5 Bf6 12. Bf4 Bd7 13. Qd2 Rg8 14. h4 Qf8 15. Nc3 Qg7 16. Nd5 Bxd4 17. Nxd4 Qxd4 18. Qxd4+ Nxd4 19. f3 Nxc2 20. fxg4 Nxa1 21. Bd2 Rge8 22. Bc3+ Kg8 23. Nf6+ Kf7 24. Nxe8 Rxe8 25. Rxa1 fxg4 26. Rf1+ Ke6 27. Re1+ Kf5 28. Rxe8 Bxe8 29. Bxb7 Ke6 30. Bc8+ Ke7 31. Bxg4 Bf7 32. Be2 c5 33. a3 d5 34. b4 d4 35. Bb2 cxb4 36. axb4 Kd6 37. Bxd4 Kd5 38. Bf2 1-0

[Event "Titled Tuesday intern op 02nd May Late"]
[Site "Chess.com INT"]
[Date "2023.05.02"]
[Round "1"]
[White "Bashkansky, Ethan"]
[Black "Martinez Ramirez, Lennis"]
[Result "0-1"]
[WhiteElo "2101"]
[BlackElo "2426"]
[PlyCount "116"]
[EventDate "2023.05.02"]
[EventType "swiss (blitz)"]
[EventRounds "11"]
[EventCountry "USA"]
[SourceTitle "EXT 2024"]
[Source "ChessBase"]
[SourceDate "2023.10.10"]
[SourceVersion "1"]
[SourceVersionDate "2023.10.10"]
[SourceQuality "1"]

1. d4 d5 2. c4 e6 3. Nc3 Nf6 4. cxd5 exd5 5. Bg5 Be7 6. e3 h6 7. Bh4 0-0 8. Bd3 Be6 9. Nge2 Nh5 10. Bxe7 Qxe7 11. Ng3 Nxg3 12. hxg3 Nd7 13. Qf3 Nf6 14. Bf5 b5 15. 0-0 c6 16. a4 a6 17. axb5 axb5 18. e4 Bxf5 19. Qxf5 Nxe4 20. Nxe4 Qxe4 21. Qxe4 dxe4 22. Rac1 Ra6 23. Rfe1 f5 24. g4 Rd8 25. Rcd1 Ra4 26. gxf5 Rdxd4 27. Rc1 Rac4 28. b3 Rxc1 29. Rxc1 Rd6 30. Kf1 Kf7 31. Ke2 Kf6 32. g4 Ke5 33. b4 Kf4 34. Rc5 Kxg4 35. Ke3 h5 36. Kxe4 h4 37. Rc1 h3 38. Rg1+ Kh5 39. Rg3 Kh4 40. Rxg7 Rh6 41. Rg1 h2 42. Rh1 Kh3 43. Ke5 Kg2 44. Rxh2+ Rxh2 45. f6 Kxf2 46. Kd6 Rh6 47. Ke7 Ke3 48. f7 Rh8 49. f8Q Rxf8 50. Kxf8 Kd4 51. Ke7 Kc4 52. Kd6 Kxb4 53. Kxc6 Ka4 54. Kc5 b4 55. Kc4 b3 56. Kd3 Ka3 57. Kd2 Ka2 58. Kc3 b2 0-1

[Event "Titled Tuesday intern op 02nd May Early"]
[Site "Chess.com INT"]
[Date "2023.05.02"]
[Round "8"]
[White "Minko, Dmitry"]
[Black "Bashkansky, Ethan"]
[Result "0-1"]
[WhiteElo "2247"]
[BlackElo "2101"]
[PlyCount "96"]
[EventDate "2023.05.02"]
[EventType "swiss (blitz)"]
[EventRounds "11"]
[EventCountry "USA"]
[SourceTitle "EXT 2024"]
[Source "ChessBase"]
[SourceDate "2023.10.10"]
[SourceVersion "1"]
[SourceVersionDate "2023.10.10"]
[SourceQuality "1"]

1. e4 c6 2. Nc3 d5 3. Nf3 dxe4 4. Nxe4 Bg4 5. h3 Bxf3 6. Qxf3 Nd7 7. d4 Ngf6 8. Bc4 e6 9. c3 Be7 10. 0-0 0-0 11. Bb3 c5 12. Rd1 Qa5 13. Bg5 h6 14. Bh4 Rfe8 15. dxc5 g5 16. Bg3 Nxe4 17. Qxe4 Nxc5 18. Qe2 Nxb3 19. axb3 Qb6 20. Be5 Bf8 21. h4 Bg7 22. Bxg7 Kxg7 23. Qe5+ Kg6 24. h5+ Kxh5 25. Qf6 Rad8 26. Qxf7+ Kh4 27. Qf3 g4 28. Qf6+ Kh5 29. Re1 Rd5 30. Ra4 Rf5 31. Qd4 Qxd4 32. Rxd4 Re7 33. b4 Kg5 34. g3 h5 35. Rde4 Kf6 36. Rd1 e5 37. Rd6+ Kg5 38. Rd5 Kf6 39. Rc4 Ke6 40. Rd8 Rff7 41. Rh8 Rh7 42. Rg8 Rhg7 43. Rf8 Rgf7 44. Rfc8 Rd7 45. Kg2 Rd2 46. Re8+ Kd7 47. Rxe5 Rdxf2+ 48. Kg1 Rf1+ 0-1

[Event "Titled Tuesday intern op 25th Apr Late"]
[Site "Chess.com INT"]
[Date "2023.04.25"]
[Round "9"]
[White "Ballester Llagaria, Luis Eduardo"]
[Black "Bashkansky, Ethan"]
[Result "1/2-1/2"]
[WhiteElo "2298"]
[BlackElo "2101"]
[PlyCount "123"]
[EventDate "2023.04.25"]
[EventType "swiss (blitz)"]
[EventRounds "11"]
[EventCountry "USA"]
[SourceTitle "EXT 2024"]
[Source "ChessBase"]
[SourceDate "2023.10.10"]
[SourceVersion "1"]
[SourceVersionDate "2023.10.10"]
[SourceQuality "1"]

1. e4 c6 2. Nc3 d5 3. Nf3 Bg4 4. h3 Bxf3 5. Qxf3 dxe4 6. Nxe4 Nd7 7. d4 Ngf6 8. Bc4 e6 9. 0-0 Be7 10. Re1 0-0 11. Bf4 Nxe4 12. Qxe4 Bf6 13. Rad1 Rc8 14. Bd3 g6 15. c3 Qa5 16. Bb1 Rfe8 17. Be5 Nxe5 18. dxe5 Bg7 19. Rd7 Rc7 20. b4 Qxe5 21. Red1 Qxe4 22. Bxe4 Rxd7 23. Rxd7 Rb8 24. c4 Kf8 25. b5 cxb5 26. cxb5 Ke8 27. Rc7 Be5 28. Rxb7 Rxb7 29. Bxb7 Ke7 30. Kf1 Bd4 31. f3 e5 32. Ke2 f5 33. Kd3 Kd6 34. Kc4 Bb6 35. a4 h6 36. Ba8 h5 37. Bb7 g5 38. Bc8 e4 39. Bxf5 e3 40. Bd3 Ke5 41. g3 h4 42. gxh4 gxh4 43. Kb4 Kf4 44. a5 Bd8 45. b6 Bxb6 46. axb6 axb6 47. Be2 Kg3 48. Kc4 Kxh3 49. f4 Kg2 50. f5 h3 51. f6 h2 52. Bd3 h1Q 53. Be4+ Kg1 54. Bxh1 e2 55. f7 e1Q 56. f8Q Qf1+ 57. Qxf1+ Kxf1 58. Bc6 Kf2 59. Bb5 Ke3 60. Kd5 Kf4 61. Kc6 Ke3 62. Kxb6 1/2-1/2